000 00401nam a22001577a 4500
005 20200524101519.0
008 200524b xxu||||| |||| 00| 0 eng d
041 _aeng
082 _a340
100 _aBARE ACT
_95744
245 _aTHE EMPLOYEES PROVIDENT FUNDS AND MISCELLANEOUS PROVISIONS ACT, 1952
260 _aDELHI
_bPROFESSIONALS BOOK
300 _a267p,
650 _aLAW
_95701
942 _cBK
999 _c6481
_d6479